| 000 | 00483nam a22001697a 4500 | ||
|---|---|---|---|
| 003 | NUST | ||
| 005 | 20260203151926.0 | ||
| 008 | 260203b ||||| |||| 00| 0 eng d | ||
| 020 | _a978-0470908365 | ||
| 082 | _a551.63405 | ||
| 100 |
_a N.K. Vinnichenko & A.G. Gorelik _9133071 |
||
| 245 |
_aAdvances in Satellite Meteorology _c N.K. Vinnichenko & A.G. Gorelik |
||
| 260 |
_aNew York: _bHalsted Press, _c1974 |
||
| 300 | _a 148 p ; | ||
| 563 | _aHardcover | ||
| 942 |
_2ddc _cBK |
||
| 999 |
_c616069 _d616069 |
||